| 000 | 02558nam0a2200421 4500 | ||
|---|---|---|---|
| 001 | RU\NLR\bibl\1365008 | ||
| 005 | 20260405185958.0 | ||
| 010 |
_a978-5-89392-432-9 _93500 |
||
| 021 |
_aRU _b2009-17774 _91055 |
||
| 035 | _a(nilc)RSL-KNO-004261238 | ||
| 035 | _a(NLR Aleph) 001357165 | ||
| 090 |
_a958069 _c958069 |
||
| 100 | _a20090311d2009 |||y0rusy50 ca | ||
| 101 | 0 | _arus | |
| 102 | _aRU | ||
| 105 | _aa zzzz||||| | ||
| 200 | 1 |
_aРазработка, дизайн, программирование и раскрутка web-сайта _fИ. К. Фролов, В. А. Перелыгин, Е. Э. Самойлов |
|
| 205 | _aНовое изд. | ||
| 210 |
_aМосква _cТриумф _d2009 |
||
| 215 |
_a302 с. _cил. _d24 |
||
| 606 | 1 |
_aWWW, глобальная гипертекстовая система _xГрафическое программирование _92101894 _3RU\NLR\auth\661271113 |
|
| 610 | 0 | _aВычислительная техника -- Вычислительные машины электронные цифровые -- Автоматическая обработка информации -- Информационные системы и сети -- Управляющие, вводные и выводные устройства -- Устройства для опознавания и считывания. Web-страницы | |
| 610 | 0 | _aВычислительная техника -- Вычислительные машины электронные цифровые -- Персональные компьютеры -- Управляющие, вводные и выводные устройства -- Устройства для опознавания и считывания -- Управление, работа на машинах и аппаратах | |
| 610 | 0 | _aWeb-дизайн | |
| 610 | 0 | _aWeb-сайты | |
| 686 |
_aЗ973.233.02-044.5,0 _2rubbk |
||
| 686 |
_aЗ973.26-082.450.2,0 _2rubbk |
||
| 686 | _aЗ988.02-018.3 | ||
| 700 | 1 |
_4070 _8rus _7ca _aФролов _bИ. К. _cспециалист по компьютерным технологиям _gИгорь Константинович _3RU\NLR\auth\7782204 _965132 |
|
| 701 | 1 |
_aПерелыгин _bВ. А. _gВладислав Анатольевич _4070 |
|
| 701 | 1 |
_aСамойлов _bЕ. Э. _gЕвгений Эдуардович _4070 |
|
| 801 | 0 |
_aRU _bРКП _c20090311 _grcr |
|
| 801 | 1 |
_aRU _bРГБ _c20090311 |
|
| 801 | 2 |
_aRU _bNLR _c20090505 _grcr |
|
| 830 | _aавт. по кн. | ||
| 942 | _cBOOK | ||
| 980 | _aNB | ||